K pojmu, definícii a úlohe medzinárodného práva v súčasnej etape
Nové prístupy k výkladu pojmu, definície a úlohy medzinárodného práva. Medzinárodné organizácie a subjekty medzinárodného práva. Konvencie v medzinárodnom práve.
Salvato in:
| Autore principale: | |
|---|---|
| Natura: | Capitolo di libro |
| Lingua: | slovacco |
| Soggetti: | |
| Tags: |
Nessun Tag, puoi essere il primo ad aggiungerne!!
|
MARC
| LEADER | 00000naa a2200000 4500 | ||
|---|---|---|---|
| 001 | r014280 | ||
| 005 | 20221205080319.2 | ||
| 041 | 0 | |a slo | |
| 044 | |a SK | ||
| 245 | 1 | 0 | |a K pojmu, definícii a úlohe medzinárodného práva v súčasnej etape |c Ján Azud |
| 520 | |a Nové prístupy k výkladu pojmu, definície a úlohy medzinárodného práva. Medzinárodné organizácie a subjekty medzinárodného práva. Konvencie v medzinárodnom práve. | ||
| 610 | 2 | 0 | |a právo medzinárodné |
| 610 | 2 | 0 | |a pojmy |
| 610 | 2 | 0 | |a konvencie |
| 100 | 1 | |a Azud, Ján | |